Datos topológicos del cuaternario de Castilla la Nueva / (Record no. 174146)
[ view plain ]
| 000 -LEADER | |
|---|---|
| campo de control de longitud fija | 01092namaa2200229 i 4500 |
| 001 - NÚMERO DE CONTROL | |
| campo de control | 174146 |
| 003 - IDENTIFICADOR DE NÚMERO DE CONTROL | |
| campo de control | ES-MaACL |
| 005 - FECHA Y HORA DE LA ÚLTIMA TRANSACCIÓN | |
| campo de control | 20250815105803.0 |
| 008 - DATOS DE LONGITUD FIJA--INFORMACIÓN GENERAL | |
| campo de control de longitud fija | 100224s1916 sp | |||| ||spa d |
| 080 ## - NÚMERO DE LA CLASIFICACIÓN DECIMAL UNIVERSAL | |
| Número de la Clasificación Decimal Universal | 551.79(460.28) |
| 100 1# - ENTRADA PRINCIPAL--NOMBRE DE PERSONA | |
| Nombre de persona | Fernández Navarro, Lucas, |
| Fechas asociadas al nombre | 1869-1930 |
| 9 (RLIN) | 49953 |
| 245 10 - MENCIÓN DEL TÍTULO | |
| Título | Datos topológicos del cuaternario de Castilla la Nueva / |
| Mención de responsabilidad, etc. | por L. Fernández Navarro y J. Gómez de Llarena. |
| 260 ## - PUBLICACIÓN, DISTRIBUCIÓN, ETC. | |
| Lugar de publicación, distribución, etc. | Madrid : |
| Nombre del editor, distribuidor, etc. | Junta para Ampliación de Estudios e Investigaciones Científicas, |
| Fecha de publicación, distribución, etc. | 1916 ( |
| Fabricante | Imp. de Fontanet) |
| 300 ## - DESCRIPCIÓN FÍSICA | |
| Extensión | 26 p., VII h. de lám. : |
| Otras características físicas | il. ; |
| Dimensiones | 23 cm. |
| 490 1# - MENCIÓN DE SERIE | |
| Mención de serie | Trabajos del Museo Nacional de Ciencias Naturales. Serie geológica ; |
| Designación de volumen o secuencia | 18 |
| 650 #4 - PUNTO DE ACCESO ADICIONAL DE MATERIA--TÉRMINO DE MATERIA | |
| Término de materia o nombre geográfico como elemento de entrada | Cuaternario- |
| Subdivisión geográfica | Castilla -La Mancha. |
| 9 (RLIN) | 142231 |
| 700 1# - ENTRADA AGREGADA--NOMBRE PERSONAL | |
| Nombre de persona | Gómez de Llarena, Joaquín ( |
| Fechas asociadas al nombre | 1891-1979) |
| 9 (RLIN) | 57911 |
| 710 2# - ENTRADA AGREGADA--NOMBRE DE ENTIDAD CORPORATIVA | |
| Nombre de entidad corporativa o nombre de jurisdicción como elemento de entrada | Junta para la Ampliación de Estudios e Investigaciones Científicas. |
| 9 (RLIN) | 5413 |
| 830 00 - PUNTO DE ACCESO ADICIONAL DE SERIE-TÍTULO UNIFORME | |
| Título uniforme | Trabajos del Museo Nacional de Ciencias Naturales. |
| Nombre de parte o sección de la obra | Serie geológica |
| Designación de volumen o secuencia | 18 |
| 9 (RLIN) | 189286 |
| 852 ## - LOCALIZACIÓN | |
| Ubicación | ES-MaACL |
| Número de control de estantería | B-13128(6) |
| Nota libre | .- Encuadernado con otras obras |
| Estatus retirado | Estado de pérdida | Estado de daño | No para préstamo | Biblioteca de origen | Biblioteca actual | Ubicación en estantería | Fecha de adquisición | Fuente de adquisición | Total de préstamos | Signatura topográfica completa | Código de barras | Visto por última vez | Precio de reemplazo | Tipo de ítem Koha |
|---|---|---|---|---|---|---|---|---|---|---|---|---|---|---|
| Biblioteca del Ateneo de Madrid | Biblioteca del Ateneo de Madrid | Sala Pardo Bazán | 24/02/2010 | B-13128(6) | 1182797 | 23/02/2023 | 23/02/2023 | Libro impreso |
